Top 25 Podcasts Globally! - Statistics

General Stats
  • This quiz has been taken 44 times
  • The average score is 3 of 25
Answer Stats
Position Answer % Correct
1 The Joe Rogan Experience
95%
2 Call Her Daddy
41%
14 The Daily
32%
7 This Past Weekend With Theo Von
32%
21 SmartLess
24%
15 Lex Fridman Podcast
16%
16 Armchair Expert With Dax Shepard
14%
20 Stuff You Should Know
14%
6 Crime Junkie
11%
9 The Diary Of A CEO With Steven Bartlett
11%
3 Huberman Lab
8%
24 The Jordan B. Peterson Podcast
8%
5 On Purpose With Jay Shetty
5%
4 Anything Goes With Emma Chamberlain
3%
12 Caso 63
3%
25 Conspiracy Theories
3%
17 El Podcast De Marian Rojas Estapé
3%
18 Gemischtes Hack
3%
22 La Cotorrisa
3%
13 Psicologia Al Desnudo @psi.mammoliti
3%
11 Relatos De La Noche
3%
23 Se Regalan Dudas
3%
8 Serial Killers
3%
10 TED Talks Daily
3%
19 The Psychology Of Your 20s
3%
No matching quizzes found
Score Distribution
Percent of People with Each Score
Percentile by Number Answered
Your Score History
You have not taken this quiz